Medical Terminology - Statistics

General Stats
  • This quiz has been taken 76 times
  • The average score is 6 of 40
Answer Stats
Hint Answer % Correct
rhino nose
77%
tachy fast
66%
hepato liver
62%
cyano blue
49%
macro large
46%
emesis vomit
31%
supra above
30%
peri around
28%
chole gall, bile
25%
dys bad
23%
nocti night
18%
angio vessel
18%
orrhea flow
15%
sclera hard
15%
myco fungus
13%
hidro sweat
13%
chondro cartilage
11%
stomato mouth
11%
rachio spine
10%
pepso digestion
8%
megalo huge
8%
esthesio feeling
7%
centesis puncture
7%
myelo spinal cord
7%
melano dark
5%
acro extremeties
5%
entero small intestine
5%
malaco soft
5%
orrhaphy suturing, stitching
5%
pexo fixation
3%
septo infection
3%
plego paralysis
3%
phaso speech
3%
ankylo stiff
3%
penia deficiency
2%
ostomy forming an opening
2%
ectopo out of place
2%
ptosis prolapse
2%
cele rupture
2%
ecstasia stretching, dilation
2%
No matching quizzes found
Score Distribution
Percent of People with Each Score
Percentile by Number Answered
Your Score History
You have not taken this quiz